[Event "4NCL Online Division 3"]
[Site "online"]
[Date "2021.04.06"]
[EventDate "2021.04.06"]
[Round "6.161"]
[White "Peacock, Malcolm R"]
[WhiteElo "2017"]
[WhiteTeam "Preston South End"]
[Black "Pigott, Darrell N"]
[BlackElo "1846"]
[BlackTeam "Watford 2"]
[Result "1-0"]
[PlyCount "87"]

1. c4 c5 2. Nf3 Nc6 3. d4 cxd4 4. Nxd4 Nf6 5. Nc3 d6 6. g3 Bd7 7. Bg2 g6 8. O-O Bg7 9. Nc2 O-O 10. Bd2 Ne5 11. b3 Bc6 12. Nd5 Bxd5 13. cxd5 a5 14. Rc1 a4 15. b4 Nc4 16. Bc3 Qd7 17. Nd4 Rfc8 18. h3 Nb6 19. e4 a3 20. Qe2 Na4 21. Ba1 Rxc1 22. Rxc1 Rc8 23. Qe3 Nb2 24. Rxc8+ Qxc8 25. Bf1 Nd7 26. Qxa3 Bxd4 27. Bxb2 Bb6 28. Qc3 Qxc3 29. Bxc3 Ne5 30. Kg2 g5 31. Bd2 h6 32. Be2 Bd4 33. a4 Kg7 34. a5 e6 35. f4 gxf4 36. gxf4 Nd7 37. Bc4 e5 38. f5 Nf6 39. Kf3 Ne8 40. b5 Kf6 41. Bxh6 Bc3 42. a6 bxa6 43. bxa6 Bd4 44. Be3 1-0

[Event "4NCL Online Division 3"]
[Site "online"]
[Date "2021.04.06"]
[EventDate "2021.04.06"]
[Round "6.162"]
[White "Sloan, Cecil"]
[WhiteElo "1749"]
[WhiteTeam "Watford 2"]
[Black "Quinn, Kenny"]
[BlackElo "1962"]
[BlackTeam "Preston South End"]
[Result "1/2-1/2"]
[PlyCount "71"]

1. e4 c5 2. Nf3 d6 3. Bb5+ Bd7 4. Bxd7+ Qxd7 5. c4 Nc6 6. O-O g6 7. d4 cxd4 8. Nxd4 Bg7 9. Be3 Nf6 10. Nc3 a6 11. f3 e6 12. Qd2 O-O 13. b3 Rfd8 14. Rad1 Ne7 15. Bg5 Ne8 16. Bh6 Bh8 17. Rfe1 Qc7 18. Be3 d5 19. exd5 exd5 20. Nxd5 Nxd5 21. cxd5 Rxd5 22. Qf2 Rad8 23. Rc1 Qd6 24. Ne2 Bb2 25. Rc2 Bg7 26. Nc3 Rd3 27. Ne4 Qb4 28. Rc4 Qb5 29. Rc5 Qd7 30. Rcc1 Qe7 31. Kf1 Qb4 32. Rc4 Qa3 33. Ra4 Qb2 34. Qxb2 Bxb2 35. Re2 Bg7 36. Rc4 1/2-1/2

[Event "4NCL Online Division 3"]
[Site "online"]
[Date "2021.04.06"]
[EventDate "2021.04.06"]
[Round "6.163"]
[White "Pennington, Geoffrey"]
[WhiteElo "1734"]
[WhiteTeam "Preston South End"]
[Black "Hammond, Rob"]
[BlackElo "1792"]
[BlackTeam "Watford 2"]
[Result "0-1"]
[PlyCount "56"]

1. e4 c6 2. d3 d5 3. Nd2 e5 4. Ngf3 Bd6 5. g3 Nf6 6. Bg2 O-O 7. O-O Re8 8. Re1 Bg4 9. h3 Bh5 10. c3 Nbd7 11. b4 a5 12. Ba3 axb4 13. Bxb4 c5 14. Bxc5 Nxc5 15. Qc2 Bxf3 16. Bxf3 dxe4 17. dxe4 Qe7 18. Nc4 Bc7 19. Ne3 Red8 20. Nd5 Nxd5 21. exd5 Rd6 22. c4 Qf6 23. Bg2 Rda6 24. Re2 e4 25. Qd1 Ra3 26. Bxe4 Nxe4 27. Rxe4 Bb6 28. Rf4 Rxg3+ 0-1

[Event "4NCL Online Division 3"]
[Site "online"]
[Date "2021.04.06"]
[EventDate "2021.04.06"]
[Round "6.164"]
[White "Russell, Chris"]
[WhiteElo "1769"]
[WhiteTeam "Watford 2"]
[Black "Tillotson, Carl"]
[BlackElo "1687"]
[BlackTeam "Preston South End"]
[Result "0-1"]
[PlyCount "68"]

1. d4 e6 2. c4 Nf6 3. Nc3 Bb4 4. Nf3 O-O 5. a3 Bxc3+ 6. bxc3 b6 7. Bg5 Bb7 8. e3 d6 9. Be2 h6 10. Bh4 Nbd7 11. O-O Qe8 12. h3 Ne4 13. Qc2 f5 14. Bg3 Nxg3 15. fxg3 Nf6 16. Nh2 Ne4 17. g4 Ng3 18. Rf2 Nxe2+ 19. Qxe2 Ba6 20. Qa2 c5 21. a4 Qc6 22. d5 Qd7 23. gxf5 Rxf5 24. Rxf5 exf5 25. Qf2 Bxc4 26. Qf3 Rf8 27. Nf1 Qf7 28. e4 fxe4 29. Qxf7+ Rxf7 30. Nd2 Bxd5 31. Re1 Re7 32. Kf2 e3+ 33. Rxe3 Rxe3 34. Kxe3 Bxg2 0-1

[Event "4NCL Online Division 3"]
[Site "online"]
[Date "2021.04.20"]
[EventDate "2021.04.20"]
[Round "7.11"]
[White "George, Ian M"]
[WhiteElo "1904"]
[WhiteTeam "Camborne Trevithick"]
[Black "Constantine, Marc"]
[BlackElo "1774"]
[BlackTeam "Urmston"]
[Result "1-0"]
[PlyCount "107"]

1. e4 g6 2. d4 d6 3. Nf3 Bg7 4. Bc4 Nf6 5. Nc3 O-O 6. h3 Nxe4 7. Nxe4 d5 8. Bd3 dxe4 9. Bxe4 Nd7 10. O-O c5 11. c3 cxd4 12. cxd4 Nf6 13. Bc2 Be6 14. Ng5 Bc4 15. Re1 h6 16. Nf3 Rc8 17. Ne5 Bd5 18. Be3 Qb6 19. b3 Rfd8 20. Rc1 Be4 21. Bxe4 Nxe4 22. Rxc8 Rxc8 23. Qg4 f5 24. Qxg6 Qxg6 25. Nxg6 Rc7 26. Nf4 Kf7 27. Ne2 e6 28. Rc1 Rxc1+ 29. Bxc1 a6 30. Bf4 Ke7 31. f3 Nd6 32. Bxd6+ Kxd6 33. Kf2 e5 34. Ke3 b5 35. dxe5+ Kxe5 36. f4+ Kd5 37. g4 fxg4 38. hxg4 Bf6 39. Ng3 Be7 40. Nf5 Bf8 41. Kd3 b4 42. Ne3+ Ke6 43. Ke4 Bg7 44. Nf5 Bf8 45. Nd4+ Kd6 46. Nc2 a5 47. Nd4 Kd7 48. Kd5 Bd6 49. f5 Be7 50. Nc6 Bg5 51. Nxa5 Be7 52. Nc6 Bf8 53. Ne5+ Ke7 54. Ng6+ 1-0

[Event "4NCL Online Division 3"]
[Site "online"]
[Date "2021.04.20"]
[EventDate "2021.04.20"]
[Round "7.12"]
[White "Whalley, Mark E"]
[WhiteElo "1748"]
[WhiteTeam "Urmston"]
[Black "Williams, Philip J"]
[BlackElo "1844"]
[BlackTeam "Camborne Trevithick"]
[Result "0-1"]
[PlyCount "74"]

1. e4 e6 2. d4 d5 3. Nc3 Bb4 4. a3 Bxc3+ 5. bxc3 dxe4 6. Qg4 Nf6 7. Qxg7 Rg8 8. Qh6 Rg6 9. Qd2 Nc6 10. Bb2 b6 11. Ne2 Bb7 12. Ng3 Qd7 13. Be2 O-O-O 14. O-O Ne7 15. c4 Rdg8 16. Rad1 h5 17. d5 h4 18. Bxf6 Rxf6 19. Nxe4 Rfg6 20. Bf3 exd5 21. cxd5 f5 22. Nc3 Kb8 23. Qf4 Nc8 24. Qxh4 Nd6 25. Ne2 Qg7 26. Ng3 Rh8 27. Qf4 Bc8 28. Qe5 Qxe5 29. Rfe1 Qg7 30. c4 Re8 31. c5 Rxe1+ 32. Rxe1 bxc5 33. Nh5 Qf8 34. Nf4 Rg7 35. Ne6 Qe7 36. Rb1+ Ka8 37. Nxc5 Ne4 0-1

[Event "4NCL Online Division 3"]
[Site "online"]
[Date "2021.04.20"]
[EventDate "2021.04.20"]
[Round "7.13"]
[White "Morgan, Jamie"]
[WhiteElo "1864"]
[WhiteTeam "Camborne Trevithick"]
[Black "Bellis, Dave"]
[BlackElo "1430"]
[BlackTeam "Urmston"]
[Result "1-0"]
[PlyCount "101"]

1. e4 e6 2. d4 d6 3. c4 g6 4. Nc3 Bg7 5. Be3 Ne7 6. Bd3 Nd7 7. Nge2 b6 8. O-O h6 9. Rc1 a6 10. Qd2 Bb7 11. f4 Nf6 12. f5 Bc8 13. e5 dxe5 14. dxe5 Nxf5 15. exf6 Bxf6 16. Be4 Qxd2 17. Bxd2 Rb8 18. Bc6+ Ke7 19. Ne4 Bxb2 20. Bb4+ Kd8 21. Rcd1+ Nd6 22. Nxd6 cxd6 23. Bxd6 Rb7 24. Be5+ Rd7 25. Bxb2 Rh7 26. Bf6+ Kc7 27. Rxd7+ Bxd7 28. Bxd7 Kxd7 29. Rd1+ Kc6 30. Rd8 Kc7 31. Kf2 h5 32. Rh8 Rxh8 33. Bxh8 Kd6 34. Bd4 Kc6 35. Ke3 b5 36. cxb5+ axb5 37. a3 Kd5 38. Kd3 e5 39. Nc3+ Ke6 40. Bb6 f5 41. Nxb5 e4+ 42. Ke3 Kd5 43. Nc3+ Kc4 44. Bd4 g5 45. a4 Kb4 46. Bb6 Kxc3 47. a5 Kc4 48. a6 Kb5 49. a7 Kxb6 50. a8=Q Kc5 51. Qa5+ 1-0

[Event "4NCL Online Division 3"]
[Site "online"]
[Date "2021.04.20"]
[EventDate "2021.04.20"]
[Round "7.14"]
[White "Plunkett, Tim"]
[WhiteElo "1275"]
[WhiteTeam "Urmston"]
[Black "Healey, Grant"]
[BlackElo "1872"]
[BlackTeam "Camborne Trevithick"]
[Result "0-1"]
[PlyCount "38"]

1. d4 d6 2. Nf3 g6 3. e3 Bg4 4. Be2 Bg7 5. O-O h5 6. Nc3 Nh6 7. Nh4 Bxe2 8. Nxe2 e5 9. g3 g5 10. Nf3 e4 11. Nd2 d5 12. c4 c6 13. Qb3 Qd7 14. Kg2 h4 15. cxd5 cxd5 16. Nc3 hxg3 17. fxg3 Ng4 18. Nxd5 Qxd5 19. Qd1 Nxe3+ 0-1

[Event "4NCL Online Division 3"]
[Site "online"]
[Date "2021.04.20"]
[EventDate "2021.04.20"]
[Round "7.23"]
[White "McShane, James"]
[WhiteElo "1200"]
[WhiteTeam "Phones Pals"]
[Black "Emery, Ian"]
[BlackElo "1825"]
[BlackTeam "Warley Mighty Quins"]
[Result "1-0"]
[PlyCount "29"]

1. e4 Nf6 2. e5 Nd5 3. d4 d6 4. c4 Nb6 5. Nf3 Bg4 6. h3 Bxf3 7. Qxf3 Nc6 8. exd6 Qxd6 9. c5 Qe6+ 10. Be3 Nxd4 11. Qxb7 Nc2+ 12. Kd2 Nxa1 13. Bb5+ Kd8 14. cxb6 Rc8 15. bxa7 1-0

[Event "4NCL Online Division 3"]
[Site "online"]
[Date "2021.04.20"]
[EventDate "2021.04.20"]
[Round "7.24"]
[White "Moxley, Stephen"]
[WhiteElo "1719"]
[WhiteTeam "Warley Mighty Quins"]
[Black "Munshi, Aryan"]
[BlackElo "1148"]
[BlackTeam "Phones Pals"]
[Result "1-0"]
[PlyCount "117"]

1. e4 e5 2. Nc3 Nf6 3. f4 exf4 4. e5 Ng8 5. Nf3 d6 6. d4 dxe5 7. Nxe5 Nd7 8. Bxf4 Ngf6 9. Qe2 Be7 10. O-O-O O-O 11. h4 Nxe5 12. dxe5 Nd7 13. e6 fxe6 14. Qxe6+ Kh8 15. g3 Nc5 16. Rxd8 Nxe6 17. Rxf8+ Bxf8 18. Bc4 Nxf4 19. gxf4 Bd6 20. Rf1 Bd7 21. Ne4 Be7 22. Ng5 h6 23. Nf7+ Kh7 24. Ne5 Bf5 25. h5 Rf8 26. Be2 Bd6 27. Nd3 Re8 28. Kd2 Kg8 29. a3 Kf7 30. b4 Kf6 31. c4 c6 32. c5 Bc7 33. Rf3 Bg4 34. Re3 Rxe3 35. Kxe3 Kf5 36. Bf3 Bxf3 37. Kxf3 g6 38. hxg6 Kxg6 39. a4 Kf5 40. b5 cxb5 41. axb5 a6 42. c6 bxc6 43. bxa6 Bb6 44. Nb4 c5 45. Nd5 Ba7 46. Ne7+ Ke6 47. Nc6 Bb6 48. a7 Bxa7 49. Nxa7 c4 50. Nb5 Kd5 51. f5 Ke5 52. Kg4 Kf6 53. Kf4 h5 54. Nc3 h4 55. Ne4+ Ke7 56. Kg4 h3 57. Kxh3 c3 58. Nxc3 Kf6 59. Kg4 1-0

[Event "4NCL Online Division 3"]
[Site "online"]
[Date "2021.04.20"]
[EventDate "2021.04.20"]
[Round "7.31"]
[White "Yogit, Senthilnathan"]
[WhiteElo "2166"]
[WhiteTeam "Uxbridge A Cults"]
[Black "Fisher, Neal"]
[BlackElo "1902"]
[BlackTeam "Chessmates"]
[Result "1-0"]
[PlyCount "109"]

1. e4 e5 2. Nf3 d6 3. d4 Nd7 4. Nc3 c6 5. Be2 Qc7 6. Be3 Ngf6 7. h3 h6 8. Qd2 Be7 9. O-O-O a6 10. g4 b5 11. g5 hxg5 12. Nxg5 Nh7 13. h4 Ndf6 14. f4 Bb7 15. dxe5 dxe5 16. fxe5 Qxe5 17. Bf4 Qc5 18. e5 Nd5 19. Nge4 Qb4 20. Nxd5 Qxd2+ 21. Rxd2 cxd5 22. Nc3 Rd8 23. Bf3 Bb4 24. Rg2 g6 25. Ne2 Nf8 26. Bg5 Be7 27. Nf4 Bxg5 28. Rxg5 Nh7 29. Rg2 Nf8 30. h5 Ne6 31. Nxe6 fxe6 32. Rxg6 Kd7 33. Bg4 Rde8 34. Rf1 Bc8 35. Rff6 Kc7 36. Kd2 Kc6 37. Ke3 Kc5 38. c3 a5 39. h6 b4 40. Bxe6 Bxe6 41. Rxe6 bxc3 42. bxc3 Rc8 43. Kf4 d4 44. cxd4+ Kxd4 45. Rd6+ Kc5 46. Kg5 Rce8 47. Rde6 Kd5 48. Rxe8 Rxe8 49. e6 Re7 50. Kf5 Rh7 51. Rf6 Kd6 52. Kg6 Rh8 53. Kg7 Ra8 54. h7 Ke7 55. Rh6 1-0

[Event "4NCL Online Division 3"]
[Site "online"]
[Date "2021.04.20"]
[EventDate "2021.04.20"]
[Round "7.32"]
[White "Tomlinson, Zak"]
[WhiteElo "1803"]
[WhiteTeam "Chessmates"]
[Black "Sudhan, Hari Hara"]
[BlackElo "2120"]
[BlackTeam "Uxbridge A Cults"]
[Result "0-1"]
[PlyCount "98"]

1. e4 d5 2. exd5 Nf6 3. Nc3 Nxd5 4. Nxd5 Qxd5 5. Nf3 g6 6. d4 Bg7 7. Be3 O-O 8. Be2 Bg4 9. O-O c6 10. c3 Na6 11. h3 Bf5 12. Bxa6 bxa6 13. Bf4 c5 14. dxc5 Qxc5 15. Qe2 Qb5 16. Qxb5 axb5 17. Rfe1 Rfe8 18. Rad1 a6 19. Nd4 Bxh3 20. gxh3 e5 21. Bxe5 Bxe5 22. Nc6 Bf6 23. Rxe8+ Rxe8 24. Nb4 Re2 25. Rd6 Be7 26. Rxa6 Rxb2 27. Nd5 Bh4 28. Nf6+ Kg7 29. Ne4 f5 30. Ng3 Bf6 31. Kf1 Bxc3 32. Ne2 Be5 33. Rb6 Kh6 34. f4 Bg7 35. Ng3 Rf2+ 36. Kxf2 Bd4+ 37. Ke2 Bxb6 38. Kd3 Bc7 39. Ke3 b4 40. Kf3 Kg7 41. Ne2 Bb6 42. Nc1 Bc5 43. Nd3 Bd6 44. Ke3 h6 45. Kd4 Kf6 46. Kd5 Bf8 47. Kc4 g5 48. Nxb4 Bxb4 49. Kxb4 g4 0-1

[Event "4NCL Online Division 3"]
[Site "online"]
[Date "2021.04.20"]
[EventDate "2021.04.20"]
[Round "7.33"]
[White "Symonds, Richard H"]
[WhiteElo "1990"]
[WhiteTeam "Uxbridge A Cults"]
[Black "Duffell, Andrew"]
[BlackElo "1613"]
[BlackTeam "Chessmates"]
[Result "1-0"]
[PlyCount "61"]

1. d4 Nf6 2. Nc3 d5 3. Bf4 c5 4. e3 a6 5. dxc5 Nc6 6. Nf3 e6 7. Na4 Nd7 8. c3 Nxc5 9. Nxc5 Bxc5 10. Bd3 f6 11. e4 e5 12. Bd2 d4 13. h3 Be6 14. O-O b5 15. Qe2 Qd7 16. a4 dxc3 17. bxc3 O-O 18. axb5 axb5 19. Bxb5 Qc7 20. Bc4 Qf7 21. Bxe6 Qxe6 22. Qb5 Qd6 23. Qc4+ Kh8 24. Rxa8 Rxa8 25. Re1 Ne7 26. Be3 Rc8 27. Bxc5 Rxc5 28. Qf7 Rc7 29. Qf8+ Ng8 30. Qxd6 Rxc3 31. Ra1 1-0

[Event "4NCL Online Division 3"]
[Site "online"]
[Date "2021.04.20"]
[EventDate "2021.04.20"]
[Round "7.34"]
[White "Webster, Vivien"]
[WhiteElo "1675"]
[WhiteTeam "Chessmates"]
[Black "Kamath, Raghu"]
[BlackElo "1900"]
[BlackTeam "Uxbridge A Cults"]
[Result "0-1"]
[PlyCount "54"]

1. e4 e5 2. Nf3 Nc6 3. Bc4 Nf6 4. d3 Bc5 5. O-O O-O 6. a3 a5 7. h3 d6 8. Be3 Ba7 9. c3 Be6 10. Bb3 h6 11. Nbd2 d5 12. Bxa7 Rxa7 13. exd5 Nxd5 14. Nc4 Nf4 15. Ncxe5 Nxe5 16. Nxe5 Qg5 17. Ng4 Bxb3 18. Qxb3 h5 19. Ne3 Nxh3+ 20. Kh2 Nf4 21. g3 Ra6 22. Qc4 Rf6 23. d4 h4 24. Qc5 hxg3+ 25. fxg3 Rh6+ 26. Kg1 Qxg3+ 27. Ng2 Qxg2# 0-1

[Event "4NCL Online Division 3"]
[Site "online"]
[Date "2021.04.20"]
[EventDate "2021.04.20"]
[Round "7.41"]
[White "Hooker, Steve"]
[WhiteElo "1952"]
[WhiteTeam "Dorking Casuals"]
[Black "Moore, Eoin"]
[BlackElo "1749"]
[BlackTeam "Kent KJCA Kestrels D"]
[Result "1/2-1/2"]
[PlyCount "128"]

1. e4 e6 2. Nf3 d5 3. e5 c5 4. b4 cxb4 5. a3 Nc6 6. axb4 Bxb4 7. c3 Be7 8. d4 f6 9. Bd3 fxe5 10. dxe5 Qc7 11. Bf4 Bd7 12. Ng5 g6 13. Nxh7 g5 14. Bg6+ Kd8 15. Nxg5 Bxg5 16. Bxg5+ Nge7 17. f4 Qb6 18. Na3 Rxh2 19. Rxh2 Qg1+ 20. Kd2 Qxh2 21. Qg4 Kc7 22. Nb5+ Kb6 23. Bd3 a6 24. Bh4 Rg8 25. Bf2+ d4 26. cxd4 Qxg2 27. Qe2 Nd5 28. Nd6 Nxf4 29. Rb1+ Kc7 30. Rxb7+ Kd8 31. Bh4+ Ne7 32. Rb8+ Kc7 33. Rb7+ Kd8 34. Rb8+ Kc7 35. Rxg8 Qxg8 36. Qf3 Ned5 37. Bg3 Nxd3 38. Kxd3 Bb5+ 39. Nxb5+ axb5 40. Be1 Qg6+ 41. Kd2 b4 42. Qe2 Kb6 43. Qc4 Qg2+ 44. Kc1 Qg5+ 45. Bd2 Qe7 46. Kb2 Qc7 47. Qxc7+ Nxc7 48. Bxb4 Kc6 49. Kb3 Kd5 50. Bc5 Nb5 51. Bd6 Nxd4+ 52. Kc3 Nb5+ 53. Kd3 Nxd6 54. exd6 Kxd6 55. Ke4 e5 56. Ke3 Kd5 57. Kd3 e4+ 58. Ke3 Ke5 59. Ke2 Kf4 60. Kf2 e3+ 61. Ke2 Ke4 62. Ke1 Kd3 63. Kd1 e2+ 64. Ke1 Ke3 1/2-1/2

[Event "4NCL Online Division 3"]
[Site "online"]
[Date "2021.04.20"]
[EventDate "2021.04.20"]
[Round "7.42"]
[White "Lettington, David"]
[WhiteElo "1645"]
[WhiteTeam "Kent KJCA Kestrels D"]
[Black "Collins, Anthony S"]
[BlackElo "1897"]
[BlackTeam "Dorking Casuals"]
[Result "1/2-1/2"]
[PlyCount "57"]

1. Nf3 Nf6 2. g3 g6 3. Bg2 Bg7 4. O-O O-O 5. d3 d6 6. Nbd2 e5 7. e4 Nbd7 8. Qe2 Ne8 9. Nc4 b5 10. Ne3 Bb7 11. Nh4 a5 12. Bd2 Nc5 13. Rad1 Ne6 14. c3 c5 15. Ng4 Ra7 16. Nf3 Nf6 17. Ne3 a4 18. h3 h5 19. Kh2 Bc6 20. Ng1 Bh6 21. Nd5 Bxd2 22. Qxd2 Bxd5 23. exd5 Nc7 24. c4 b4 25. f4 Nd7 26. Nf3 exf4 27. Qxf4 Qf6 28. Qxf6 Nxf6 29. Nd4 1/2-1/2

[Event "4NCL Online Division 3"]
[Site "online"]
[Date "2021.04.20"]
[EventDate "2021.04.20"]
[Round "7.43"]
[White "Buckley, Keith"]
[WhiteElo "1616"]
[WhiteTeam "Dorking Casuals"]
[Black "Brightley-Davies, Ciaran"]
[BlackElo "1625"]
[BlackTeam "Kent KJCA Kestrels D"]
[Result "1-0"]
[PlyCount "125"]

1. e4 e6 2. g3 d5 3. Bg2 dxe4 4. Bxe4 Nf6 5. Bg2 Bd7 6. Bxb7 Bc6 7. Bxc6+ Nxc6 8. d3 Bd6 9. Nc3 O-O 10. Nf3 Bb4 11. Bd2 Bxc3 12. Bxc3 Qd5 13. O-O Nd7 14. Re1 f6 15. Qe2 Rae8 16. a3 e5 17. Qe4 Qxe4 18. Rxe4 f5 19. Rc4 Rf6 20. Re1 Rfe6 21. Ng5 Rg6 22. f4 h6 23. Nh3 Rge6 24. Kf2 Nf6 25. fxe5 Nxe5 26. Bxe5 Rxe5 27. Rxe5 Rxe5 28. Rxc7 a6 29. Kf3 Nd5 30. Rd7 Nf6 31. Ra7 a5 32. Nf4 g5 33. Ng6 Re8 34. Ne7+ Kf8 35. Nxf5 h5 36. Nh6 Re7 37. Rxa5 Nh7 38. Ra8+ Re8 39. Rxe8+ Kxe8 40. Ke4 h4 41. gxh4 gxh4 42. Nf5 Nf6+ 43. Ke5 Ng4+ 44. Kf4 Nxh2 45. Nxh4 Nf1 46. Nf3 Kd7 47. d4 Kd6 48. c4 Kc7 49. b4 Kb8 50. a4 Kb7 51. d5 Ne3 52. Kxe3 Kc7 53. Kd4 Kb8 54. c5 Kc8 55. b5 Kb8 56. a5 Kc8 57. c6 Kb8 58. Kc5 Kc8 59. d6 Kd8 60. Ne5 Kc8 61. b6 Kb8 62. d7 Ka8 63. d8=Q# 1-0

[Event "4NCL Online Division 3"]
[Site "online"]
[Date "2021.04.20"]
[EventDate "2021.04.20"]
[Round "7.44"]
[White "Wang, Yong Gui"]
[WhiteElo "1535"]
[WhiteTeam "Kent KJCA Kestrels D"]
[Black "Davies, Will"]
[BlackElo "1518"]
[BlackTeam "Dorking Casuals"]
[Result "1-0"]
[PlyCount "161"]

1. d4 Nf6 2. Nf3 g6 3. g3 Bg7 4. Bg2 O-O 5. O-O d6 6. c4 Nc6 7. Nc3 Na5 8. b3 c5 9. Bb2 Rb8 10. e3 cxd4 11. exd4 Bd7 12. Rb1 a6 13. Qe2 Re8 14. Rfe1 b5 15. c5 dxc5 16. dxc5 Rc8 17. Ne5 Nc6 18. Nxd7 Qxd7 19. Rbd1 Qa7 20. Bh3 e6 21. Qe3 Nd7 22. Bc1 Nxc5 23. Ne2 Qe7 24. Nf4 Qf8 25. Ba3 b4 26. Bc1 Rcd8 27. Rxd8 Nxd8 28. Nd5 Qd6 29. Rd1 Kf8 30. Nc3 Qc7 31. Ne2 Ndb7 32. Bd2 a5 33. Rc1 Qe5 34. Qf3 Qb2 35. Be3 Qe5 36. Bg2 Nd3 37. Rd1 Nbc5 38. Bd4 Qc7 39. Bxg7+ Kxg7 40. Rxd3 Nxd3 41. Qxd3 Rd8 42. Qc4 Qxc4 43. bxc4 Rc8 44. Be4 Rxc4 45. Bd3 Rc7 46. Kg2 f6 47. Nf4 Kf7 48. Kf3 a4 49. Ke2 b3 50. axb3 axb3 51. Kd2 g5 52. Ne2 h6 53. Nd4 b2 54. Nb5 Rd7 55. Nc3 e5 56. Kc2 Rb7 57. Bb5 Ke6 58. Kxb2 f5 59. Kc2 f4 60. Be2 Kf5 61. Kd3 Rd7+ 62. Kc2 fxg3 63. hxg3 Rh7 64. Bd3+ Kg4 65. Bxh7 Kf3 66. Ne4 h5 67. Kd3 h4 68. gxh4 gxh4 69. Bf5 Kg2 70. Ke3 h3 71. Ng3 h2 72. Be4+ Kh3 73. Bh1 Kg4 74. Ke4 Kh3 75. Kxe5 Kg4 76. f4 Kxg3 77. f5 Kf2 78. f6 Kg1 79. Be4 h1=Q 80. Bxh1 Kxh1 81. f7 1-0

[Event "4NCL Online Division 3"]
[Site "online"]
[Date "2021.04.20"]
[EventDate "2021.04.20"]
[Round "7.51"]
[White "Madhavan, Sanjith"]
[WhiteElo "1684"]
[WhiteTeam "East Kilbride Strollers"]
[Black "Williams, Stephen M"]
[BlackElo "1843"]
[BlackTeam "Downend 2"]
[Result "0-1"]
[PlyCount "48"]

1. e4 d5 2. exd5 Nf6 3. d4 Bg4 4. f3 Bf5 5. c4 e6 6. dxe6 fxe6 7. Nc3 Bb4 8. a3 Bxc3+ 9. bxc3 O-O 10. Bd3 c5 11. Ne2 Nc6 12. Be3 Qa5 13. O-O Rad8 14. Bxf5 exf5 15. d5 Rfe8 16. Bf4 Qa6 17. Qd3 Rxd5 18. cxd5 Qxd3 19. dxc6 bxc6 20. Ng3 Nd5 21. Rfd1 Qxc3 22. Bd2 Qd4+ 23. Kh1 f4 24. Ba5 Qa4 0-1

[Event "4NCL Online Division 3"]
[Site "online"]
[Date "2021.04.20"]
[EventDate "2021.04.20"]
[Round "7.52"]
[White "Pickup, Ian R"]
[WhiteElo "1790"]
[WhiteTeam "Downend 2"]
[Black "Shrestha, Unnabh"]
[BlackElo "1454"]
[BlackTeam "East Kilbride Strollers"]
[Result "1-0"]
[PlyCount "67"]

1. e4 c6 2. d4 d5 3. e5 Bf5 4. Bd3 Bxd3 5. Qxd3 e6 6. Nf3 Ne7 7. O-O Nd7 8. Na3 a6 9. c4 c5 10. Re1 Nc6 11. cxd5 exd5 12. e6 Nf6 13. Ng5 fxe6 14. Nxe6 Qd7 15. Nxc5+ Qe7 16. Rxe7+ Bxe7 17. Bg5 O-O 18. Nc2 Bxc5 19. dxc5 Rad8 20. Bxf6 Rxf6 21. Re1 Rf7 22. a3 d4 23. b4 g6 24. f3 Kg7 25. Re4 Rfd7 26. a4 Rd5 27. f4 Rf5 28. b5 axb5 29. axb5 Na5 30. Rxd4 Rxd4 31. Qxd4+ Kh6 32. Qa4 Rxc5 33. Ne3 Rc3 34. Kf2 1-0

[Event "4NCL Online Division 3"]
[Site "online"]
[Date "2021.04.20"]
[EventDate "2021.04.20"]
[Round "7.53"]
[White "Peakman, Jonlee"]
[WhiteElo "1261"]
[WhiteTeam "East Kilbride Strollers"]
[Black "Tipper, David I"]
[BlackElo "1787"]
[BlackTeam "Downend 2"]
[Result "1-0"]
[PlyCount "97"]

1. d4 Nf6 2. c4 g6 3. Nc3 Bg7 4. e4 d6 5. Be2 O-O 6. Be3 e5 7. d5 Na6 8. g4 Nc5 9. f3 h5 10. g5 Nh7 11. h4 f6 12. gxf6 Bxf6 13. Bf2 a5 14. Qc2 Bd7 15. O-O-O Rb8 16. Qd2 b6 17. Kb1 Bg7 18. Be3 Qe7 19. Nh3 Be8 20. Rdg1 Kh8 21. Bd1 Bf6 22. f4 Rg8 23. Rh2 Bd7 24. fxe5 Bxe5 25. Bd4 Bxh3 26. Rxh3 Rg7 27. Bxe5 Qxe5 28. Rhg3 Rbg8 29. Qh6 Nb7 30. Rxg6 Rxg6 31. Rxg6 Rxg6 32. Qxg6 Nf6 33. a3 Nc5 34. Bc2 Ncd7 35. Nb5 Qf4 36. Ka2 Qd2 37. Bb1 Qe2 38. Ka1 Qxc4 39. Qh6+ Kg8 40. e5 dxe5 41. Qg6+ Kh8 42. Nc3 Qxh4 43. Qh6+ Kg8 44. Ba2 Qe1+ 45. Nb1 Nh7 46. d6+ Kh8 47. dxc7 Nf8 48. c8=Q h4 49. Qcxf8# 1-0

[Event "4NCL Online Division 3"]
[Site "online"]
[Date "2021.04.20"]
[EventDate "2021.04.20"]
[Round "7.54"]
[White "Walsh, Shaun"]
[WhiteElo "1366"]
[WhiteTeam "Downend 2"]
[Black "Tandon, Ashley"]
[BlackElo "911"]
[BlackTeam "East Kilbride Strollers"]
[Result "1-0"]
[PlyCount "79"]

1. e4 c6 2. d4 d5 3. exd5 cxd5 4. c4 Nf6 5. Nc3 Nc6 6. Bg5 Be6 7. Nf3 g6 8. Bxf6 exf6 9. Be2 Bg7 10. Qb3 dxc4 11. Bxc4 Nxd4 12. Nxd4 Qxd4 13. Bxe6 Qe5+ 14. Kf1 fxe6 15. Re1 Qc7 16. Qxe6+ Kf8 17. Nd5 Qd8 18. Rc1 Qe8 19. Qd6+ Kg8 20. Ne7+ Kf7 21. Rc7 Qb5+ 22. Kg1 g5 23. Nd5+ Kg6 24. Ne7+ Kh6 25. Qg3 Qb4 26. Qh3+ Qh4 27. Nf5+ Kh5 28. Nxh4 gxh4 29. Rxg7 Kh6 30. Rf7 Kg5 31. Qe3+ Kf5 32. Qf3+ Ke6 33. Qxf6+ Kd5 34. Rd7+ Kc5 35. Qd6+ Kb5 36. Rxb7+ Kc4 37. Rc7+ Kb5 38. Qc6+ Ka5 39. a3 Rhe8 40. b4# 1-0

[Event "4NCL Online Division 3"]
[Site "online"]
[Date "2021.04.20"]
[EventDate "2021.04.20"]
[Round "7.61"]
[White "Tarling, Ray"]
[WhiteElo "1944"]
[WhiteTeam "Guildford Gatekeepers"]
[Black "Finn, Chris"]
[BlackElo "1889"]
[BlackTeam "Oxford 3"]
[Result "0-1"]
[PlyCount "116"]

1. e4 e6 2. d4 d5 3. e5 c5 4. c3 Nc6 5. Nf3 Qb6 6. Be2 cxd4 7. cxd4 Nge7 8. Na3 Nf5 9. Nc2 Bd7 10. O-O Be7 11. a3 Na5 12. b4 Nb3 13. Rb1 Nxc1 14. Rxc1 O-O 15. g4 Nh4 16. Nxh4 Bxh4 17. Qd3 Rac8 18. Ne3 Be7 19. Rb1 f6 20. b5 fxe5 21. dxe5 Bg5 22. Rb3 Bf4 23. a4 Bxe5 24. a5 Qxa5 25. Nxd5 Qd8 26. Qe4 Bxh2+ 27. Kxh2 exd5 28. Qxd5+ Kh8 29. Qxb7 Rc2 30. Re3 Rxe2 31. Rxe2 Qh4+ 32. Kg1 Qxg4+ 33. Qg2 Qxe2 34. Rb1 Bxb5 35. Qg3 a6 36. Rc1 Qh5 37. Rc7 Qg6 38. Kg2 Qxg3+ 39. Kxg3 h6 40. f4 Ra8 41. Kg4 Bd3 42. Rd7 Bh7 43. f5 a5 44. Rd3 a4 45. Ra3 Bg8 46. f6 gxf6 47. Kf5 Kg7 48. Rg3+ Kf7 49. Rc3 Bh7+ 50. Kf4 Ra7 51. Ra3 Bc2 52. Rh3 a3 53. Rxh6 a2 54. Rh7+ Bxh7 55. Ke3 a1=Q 56. Kd2 Qd4+ 57. Kc1 Qd3 58. Kb2 Qc2# 0-1

[Event "4NCL Online Division 3"]
[Site "online"]
[Date "2021.04.20"]
[EventDate "2021.04.20"]
[Round "7.62"]
[White "Zakarian, Dimitrios Levon"]
[WhiteElo "1882"]
[WhiteTeam "Oxford 3"]
[Black "Merriman, Rob"]
[BlackElo "1761"]
[BlackTeam "Guildford Gatekeepers"]
[Result "1-0"]
[PlyCount "71"]

1. d4 e6 2. c4 Nf6 3. Nf3 c5 4. d5 exd5 5. cxd5 d6 6. Nc3 g6 7. Bf4 a6 8. a4 Bg7 9. h3 O-O 10. e3 Re8 11. Be2 Ne4 12. Nxe4 Rxe4 13. Qc2 Rb4 14. Ra2 Bf5 15. Qc1 Qb6 16. a5 Qd8 17. O-O Qf6 18. Bg5 Qxb2 19. Rxb2 Bxb2 20. Qd2 Bg7 21. Bd3 Bxd3 22. Qxd3 c4 23. Qc2 c3 24. Nd4 Rc4 25. Qb3 Rc7 26. Qb6 Rd7 27. Rc1 h6 28. Bf4 Bf8 29. Rxc3 Be7 30. Rc7 Rd8 31. Qxb7 Nd7 32. Rxd7 Rdb8 33. Rxe7 Rxb7 34. Rxb7 Rd8 35. Nc6 Ra8 36. Rb8+ 1-0